|
|
|
|
| LEADER |
01507nas a22004211 4500 |
| 001 |
c000156654 |
| 003 |
CARM |
| 005 |
20050523153105.0 |
| 008 |
750824d19621973cauar p 0uuua0eng d |
| 010 |
|
|
|a 62010400
|
| 019 |
1 |
|
|a 1506917
|
| 022 |
|
|
|a 0070-1920
|
| 035 |
|
|
|a ()929226
|
| 035 |
|
|
|a *97057654
|
| 040 |
|
|
|a VCAV
|b eng
|c VCAV
|
| 042 |
|
|
|a lc
|
| 050 |
0 |
0 |
|a RC71
|b .A14
|
| 060 |
0 |
|
|a W1 CU788D
|
| 245 |
0 |
0 |
|a Current diagnosis & treatment.
|
| 260 |
0 |
0 |
|a Los Altos, Calif.,
|b Lange Medical Publications.
|
| 300 |
|
|
|a v.
|c 26 cm.
|
| 362 |
0 |
|
|a 1962-73.
|
| 570 |
|
|
|a Editors: 1962- H. Brainerd, S. Margen and M. J. Chatton
|
| 650 |
|
0 |
|a Diagnosis
|x Periodicals.
|
| 650 |
|
0 |
|a Therapeutics
|x Periodicals.
|
| 650 |
|
2 |
|a Diagnosis.
|
| 650 |
|
2 |
|a Therapeutics.
|
| 700 |
1 |
1 |
|a Brainerd, Henry,
|e ed.
|
| 785 |
0 |
2 |
|t Current medical diagnosis & treatment
|x 0092-8682
|w (CU-UC)09757505:09757607:09757703
|w (OCoLC)1791712
|
| 852 |
8 |
|
|b CARM
|h A2:AK24F0
|i C03820
|p 0196880
|f SE
|
| 852 |
8 |
|
|b CARM
|h A2:AL13G0
|i C06593
|p 0255450
|f SE
|
| 866 |
|
0 |
|a 1962-1995 Inc.
|
| 866 |
|
0 |
|a 1962-1995 Inc.
|
| 082 |
0 |
4 |
|a 616.075
|
| 212 |
0 |
|
|a Current diagnosis and treatment
|
| 999 |
f |
f |
|i 48373689-fc23-5a83-ba8f-5b1aa72e0670
|s bd17f99a-278d-5428-8f17-b1a0e008a7c5
|
| 952 |
f |
f |
|p Can circulate
|a CAVAL
|b CAVAL
|c CAVAL
|d CARM 1 Store
|e C03820
|f A2:AK24F0
|h Other scheme
|i book
|k (1962)-(1963),(1965)-(1967),(1969)
|m 0196880
|
| 952 |
f |
f |
|p Can circulate
|a CAVAL
|b CAVAL
|c CAVAL
|d CARM 1 Store
|e C06593
|f A2:AL13G0
|h Other scheme
|i book
|k 1995
|m 0255450
|